Νομικά ζητήματα θρησκευτικής ετερότητας στην Ελλάδα
Αποθηκεύτηκε σε:
| Άλλοι συγγραφείς: | |
|---|---|
| Μορφή: | Βιβλίο |
| Γλώσσα: | Greek |
| Δημοσίευση: |
Αθήνα :
Κριτική,
1999
|
| Σειρά: | Σειρά μελετών (Κέντρο Ερευνών Μειονοτικών Ομάδων)
; 2 |
| Θέματα: | |
| Ετικέτες: |
Προσθήκη ετικέτας
Δεν υπάρχουν, Καταχωρήστε ετικέτα πρώτοι!
|
MARC
| LEADER | 00000nam a2200000 i 4500 | ||
|---|---|---|---|
| 001 | 1/10583 | ||
| 008 | 000904s1999 gre d | ||
| 020 | |a 960-218-185-0 | ||
| 035 | |l 10063489 | ||
| 040 | |a GR-MY-UA |b gre |e aacr | ||
| 041 | 0 | |a gre | |
| 082 | 0 | |a 291.177 | |
| 245 | 1 | 0 | |a Νομικά ζητήματα θρησκευτικής ετερότητας στην Ελλάδα / |c Γιώργος Σωτηρέλης ... [κ.ά.] ; επιμέλεια Δημήτρης Χριστόπουλος |
| 260 | |a Αθήνα : |b Κριτική, |c 1999 | ||
| 300 | |a 330 σ. | ||
| 490 | 1 | |a Σειρά μελετών |v ; 2 | |
| 650 | 0 | 0 | |a Religion and state |z Greece. |
| 650 | 0 | 0 | |a Freedom of religion |z Greece. |
| 700 | 1 | |a Χριστόπουλος, Δημήτρης. |4 edt | |
| 830 | 0 | |a Σειρά μελετών (Κέντρο Ερευνών Μειονοτικών Ομάδων) |v ; 2 | |
| 852 | |a INST |b RHODES |e 20000904 |h 291.177 ΝΟΜ |p 005400017657 |q 005400017657 |t BK |y 0 | ||
| 901 | |a BIBL4-2000-3 | ||
| 909 | |a Ρ |b 080770 | ||
| 922 | |a 4ΕΛΗ |b 200007 |c 95/ΒΙΒΛΙΟΘΗΚΗ | ||
| 970 | |a ΚΟΥΛΑΚΙΟΤΗ |b ΛΙΤΣΑ |z 2000/09/04 | ||